| 000 | 00543nam a2200181Ia 4500 | ||
|---|---|---|---|
| 008 | 170510s9999 xx 000 0 und d | ||
| 100 | _aJohanna Sumiala | ||
| 245 | _aMediated Muslim martyrdom: Rethinking digital solidarity in the “Arab Spring” | ||
| 245 | _cJohanna Sumiala, Lilly Korpiola | ||
| 260 | _bSAGE | ||
| 260 | _c2017 | ||
| 300 | _apages 52-66,January | ||
| 440 |
_aNew Media & Society _v19:1 |
||
| 650 | _aArab Spring | ||
| 650 | _aDigital communication | ||
| 650 | _aDigital solidarity | ||
| 650 | _aDistant suffering | ||
| 999 |
_c329844 _d329844 |
||